Al pie de la letra C : Viajeros con equipaje.
Salvato in:
| Natura: | Sconosciuto |
|---|---|
| Lingua: | Spanish |
| Soggetti: | |
| Tags: |
Aggiungi Tag
Nessun Tag, puoi essere il primo ad aggiungerne!!
|
MARC
| LEADER | 000000000a22000000004500 | ||
|---|---|---|---|
| 001 | 002252 | ||
| 041 | 0 | |a spa | |
| 245 | 0 | 0 | |a Al pie de la letra C : |b Viajeros con equipaje. |
| 310 | |a trimestral | ||
| 650 | 4 | |a SEHIFFRIN, ANDRE | |
| 650 | 4 | |a SALKEY, ANDREW | |
| 650 | 4 | |a CUBA | |
| 650 | 4 | |a HALL, DOUGLAS | |
| 650 | 4 | |a LEIRIS, MICHEL, 1901- | |
| 773 | 0 | |x 008-7157 |d Cuba : Editorial Casa de las Américas |t Casa de las Américas |g número 51-52 (1968-1969), página 271 | |
| 942 | |c ARC | ||
| 999 | |c 9802 |d 9802 | ||
